Crecimiento, pobreza y transferencias condicionadas en Costa Rica /

Gespeichert in:
Bibliographische Detailangaben
1. Verfasser: Lara, Silvia
Format: Text
Tags: Tag hinzufügen
Keine Tags, Fügen Sie den ersten Tag hinzu!

MARC

LEADER 00000 a a2200000 04500
001 47736
003
040
100 |a Lara, Silvia  
245 |a Crecimiento, pobreza y transferencias condicionadas en Costa Rica /  |c Silvia Lara  
773 |g páginas 173-178  
999 |c 36343  |d 36343